<?xml version="1.0" encoding="UTF-8"?>
<collection xmlns="http://www.loc.gov/MARC21/slim">
 <record>
  <leader>04245cam a2200793 ca4500</leader>
  <controlfield tag="001">1416170510</controlfield>
  <controlfield tag="003">DE-627</controlfield>
  <controlfield tag="005">20250221172855.0</controlfield>
  <controlfield tag="007">tu</controlfield>
  <controlfield tag="008">110620m20119999gw ||||| d    00| ||ger c</controlfield>
  <datafield tag="015" ind1=" " ind2=" ">
   <subfield code="a">11,N23</subfield>
   <subfield code="2">dnb</subfield>
  </datafield>
  <datafield tag="016" ind1="7" ind2=" ">
   <subfield code="a">1012311848</subfield>
   <subfield code="2">DE-101</subfield>
  </datafield>
  <datafield tag="020" ind1=" " ind2=" ">
   <subfield code="a">9783110205008</subfield>
   <subfield code="c">Gb. : EUR 299.00 (DE)</subfield>
   <subfield code="9">978-3-11-020500-8</subfield>
  </datafield>
  <datafield tag="020" ind1=" " ind2=" ">
   <subfield code="a">3110205009</subfield>
   <subfield code="c">Gb. : EUR 299.00 (DE)</subfield>
   <subfield code="9">3-11-020500-9</subfield>
  </datafield>
  <datafield tag="024" ind1="3" ind2=" ">
   <subfield code="a">9783110205008</subfield>
  </datafield>
  <datafield tag="035" ind1=" " ind2=" ">
   <subfield code="a">(DE-627)1416170510</subfield>
  </datafield>
  <datafield tag="035" ind1=" " ind2=" ">
   <subfield code="a">(DE-576)346170516</subfield>
  </datafield>
  <datafield tag="035" ind1=" " ind2=" ">
   <subfield code="a">(DE-599)DNB1012311848</subfield>
  </datafield>
  <datafield tag="040" ind1=" " ind2=" ">
   <subfield code="a">DE-627</subfield>
   <subfield code="b">ger</subfield>
   <subfield code="c">DE-627</subfield>
   <subfield code="e">rakwb</subfield>
  </datafield>
  <datafield tag="041" ind1=" " ind2=" ">
   <subfield code="a">ger</subfield>
  </datafield>
  <datafield tag="044" ind1=" " ind2=" ">
   <subfield code="c">XA-DE-BE</subfield>
  </datafield>
  <datafield tag="072" ind1=" " ind2="7">
   <subfield code="a">ART000000</subfield>
   <subfield code="2">bisacsh</subfield>
  </datafield>
  <datafield tag="072" ind1=" " ind2="7">
   <subfield code="a">LIT000000</subfield>
   <subfield code="2">bisacsh</subfield>
  </datafield>
  <datafield tag="072" ind1=" " ind2="7">
   <subfield code="a">LIT004170</subfield>
   <subfield code="2">bisacsh</subfield>
  </datafield>
  <datafield tag="082" ind1="0" ind2=" ">
   <subfield code="a">700</subfield>
   <subfield code="a">830.9357</subfield>
   <subfield code="q">SEPA</subfield>
  </datafield>
  <datafield tag="082" ind1="0" ind2="4">
   <subfield code="a">430</subfield>
  </datafield>
  <datafield tag="084" ind1=" " ind2=" ">
   <subfield code="a">9,10</subfield>
   <subfield code="a">9,11</subfield>
   <subfield code="2">ssgn</subfield>
  </datafield>
  <datafield tag="084" ind1=" " ind2=" ">
   <subfield code="a">GE 3151</subfield>
   <subfield code="2">rvk</subfield>
   <subfield code="0">(DE-625)rvk/39031:</subfield>
  </datafield>
  <datafield tag="084" ind1=" " ind2=" ">
   <subfield code="a">GM 1081</subfield>
   <subfield code="2">rvk</subfield>
   <subfield code="0">(DE-625)rvk/41760:13554</subfield>
  </datafield>
  <datafield tag="084" ind1=" " ind2=" ">
   <subfield code="a">GN 1701</subfield>
   <subfield code="2">rvk</subfield>
   <subfield code="0">(DE-625)rvk/42437:</subfield>
  </datafield>
  <datafield tag="090" ind1=" " ind2=" ">
   <subfield code="a">a</subfield>
  </datafield>
  <datafield tag="245" ind1="0" ind2="0">
   <subfield code="a">Handbuch der Kunstzitate</subfield>
   <subfield code="b">Malerei, Skulptur, Fotografie in der deutschsprachigen Literatur der Moderne</subfield>
   <subfield code="c">hrsg. von Konstanze Fliedl ...</subfield>
  </datafield>
  <datafield tag="264" ind1=" " ind2="1">
   <subfield code="a">Berlin [u.a.]</subfield>
   <subfield code="b">De Gruyter</subfield>
   <subfield code="c">2011-</subfield>
  </datafield>
  <datafield tag="336" ind1=" " ind2=" ">
   <subfield code="a">Text</subfield>
   <subfield code="b">txt</subfield>
   <subfield code="2">rdacontent</subfield>
  </datafield>
  <datafield tag="337" ind1=" " ind2=" ">
   <subfield code="a">ohne Hilfsmittel zu benutzen</subfield>
   <subfield code="b">n</subfield>
   <subfield code="2">rdamedia</subfield>
  </datafield>
  <datafield tag="338" ind1=" " ind2=" ">
   <subfield code="a">Band</subfield>
   <subfield code="b">nc</subfield>
   <subfield code="2">rdacarrier</subfield>
  </datafield>
  <datafield tag="655" ind1=" " ind2="7">
   <subfield code="a">Wörterbuch</subfield>
   <subfield code="0">(DE-588)4066724-8</subfield>
   <subfield code="0">(DE-627)104682620</subfield>
   <subfield code="0">(DE-576)209166061</subfield>
   <subfield code="2">gnd-content</subfield>
  </datafield>
  <datafield tag="689" ind1="0" ind2="0">
   <subfield code="d">s</subfield>
   <subfield code="0">(DE-588)4113292-0</subfield>
   <subfield code="0">(DE-627)105830437</subfield>
   <subfield code="0">(DE-576)209475285</subfield>
   <subfield code="a">Deutsch</subfield>
   <subfield code="2">gnd</subfield>
  </datafield>
  <datafield tag="689" ind1="0" ind2="1">
   <subfield code="d">s</subfield>
   <subfield code="0">(DE-588)4035964-5</subfield>
   <subfield code="0">(DE-627)106245015</subfield>
   <subfield code="0">(DE-576)209015608</subfield>
   <subfield code="a">Literatur</subfield>
   <subfield code="2">gnd</subfield>
  </datafield>
  <datafield tag="689" ind1="0" ind2="2">
   <subfield code="d">s</subfield>
   <subfield code="0">(DE-588)4272651-7</subfield>
   <subfield code="0">(DE-627)104487089</subfield>
   <subfield code="0">(DE-576)210691867</subfield>
   <subfield code="a">Kunstwerk</subfield>
   <subfield code="g">Motiv</subfield>
   <subfield code="2">gnd</subfield>
  </datafield>
  <datafield tag="689" ind1="0" ind2="3">
   <subfield code="a">z</subfield>
   <subfield code="2">gnd</subfield>
   <subfield code="a">Geschichte 1890-2011</subfield>
  </datafield>
  <datafield tag="689" ind1="0" ind2=" ">
   <subfield code="5">DE-101</subfield>
  </datafield>
  <datafield tag="689" ind1="1" ind2="0">
   <subfield code="d">s</subfield>
   <subfield code="0">(DE-588)4113292-0</subfield>
   <subfield code="0">(DE-627)105830437</subfield>
   <subfield code="0">(DE-576)209475285</subfield>
   <subfield code="a">Deutsch</subfield>
   <subfield code="2">gnd</subfield>
  </datafield>
  <datafield tag="689" ind1="1" ind2="1">
   <subfield code="d">s</subfield>
   <subfield code="0">(DE-588)4035964-5</subfield>
   <subfield code="0">(DE-627)106245015</subfield>
   <subfield code="0">(DE-576)209015608</subfield>
   <subfield code="a">Literatur</subfield>
   <subfield code="2">gnd</subfield>
  </datafield>
  <datafield tag="689" ind1="1" ind2="2">
   <subfield code="d">s</subfield>
   <subfield code="0">(DE-588)4123592-7</subfield>
   <subfield code="0">(DE-627)105754005</subfield>
   <subfield code="0">(DE-576)209561017</subfield>
   <subfield code="a">Kunstwerk</subfield>
   <subfield code="2">gnd</subfield>
  </datafield>
  <datafield tag="689" ind1="1" ind2="3">
   <subfield code="d">s</subfield>
   <subfield code="0">(DE-588)4067889-1</subfield>
   <subfield code="0">(DE-627)104162295</subfield>
   <subfield code="0">(DE-576)209171944</subfield>
   <subfield code="a">Zitat</subfield>
   <subfield code="2">gnd</subfield>
  </datafield>
  <datafield tag="689" ind1="1" ind2=" ">
   <subfield code="5">(DE-627)</subfield>
  </datafield>
  <datafield tag="700" ind1="1" ind2=" ">
   <subfield code="a">Fliedl, Konstanze</subfield>
   <subfield code="d">1955-</subfield>
   <subfield code="e">Hrsg.</subfield>
   <subfield code="0">(DE-588)11819853X</subfield>
   <subfield code="0">(DE-627)079300766</subfield>
   <subfield code="0">(DE-576)164176721</subfield>
   <subfield code="4">edt</subfield>
  </datafield>
  <datafield tag="776" ind1="1" ind2=" ">
   <subfield code="z">9783110256703</subfield>
  </datafield>
  <datafield tag="776" ind1="0" ind2="8">
   <subfield code="i">Online-Ausg.</subfield>
   <subfield code="t">Handbuch der Kunstzitate</subfield>
   <subfield code="d">Berlin [u.a.] : De Gruyter, 2012</subfield>
   <subfield code="h">Online-Ressource (2 Bände)</subfield>
   <subfield code="w">(DE-627)1651706034</subfield>
   <subfield code="w">(DE-576)370854322</subfield>
   <subfield code="z">9783110256703</subfield>
  </datafield>
  <datafield tag="776" ind1="0" ind2="8">
   <subfield code="i">Erscheint auch als</subfield>
   <subfield code="n">Online-Ausgabe</subfield>
   <subfield code="t">Handbuch der Kunstzitate</subfield>
   <subfield code="d">Berlin : de Gruyter, 2011</subfield>
   <subfield code="h">Online-Ressource (PDF-Datei)</subfield>
   <subfield code="w">(DE-627)1655652141</subfield>
   <subfield code="w">(DE-576)405027559</subfield>
   <subfield code="z">9783110256703</subfield>
  </datafield>
  <datafield tag="787" ind1="0" ind2="8">
   <subfield code="i">Rezensiert in</subfield>
   <subfield code="a">Zittel, Claus, 1965 - </subfield>
   <subfield code="t">[Rezension von: Konstanze Fliedl (Hrsg.), Handbuch der Kunstzitate. Malerei, Skulptur, Fotografie in der deutschsprachigen Literatur der Moderne]</subfield>
   <subfield code="d">2012</subfield>
   <subfield code="w">(DE-627)1846187400</subfield>
  </datafield>
  <datafield tag="856" ind1="4" ind2="2">
   <subfield code="u">http://deposit.dnb.de/cgi-bin/dokserv?id=3832462&amp;prov=M&amp;dok_var=1&amp;dok_ext=htm</subfield>
   <subfield code="m">X:MVB</subfield>
   <subfield code="q">text/html</subfield>
   <subfield code="3">Inhaltstext</subfield>
  </datafield>
  <datafield tag="856" ind1="4" ind2="2">
   <subfield code="u">https://swbplus.bsz-bw.de/bsz346170516rez.htm</subfield>
   <subfield code="m">B:DE-576;DE-16</subfield>
   <subfield code="q">application/pdf</subfield>
   <subfield code="v">20121219172333</subfield>
   <subfield code="x">Verlag</subfield>
   <subfield code="3">Rezension</subfield>
  </datafield>
  <datafield tag="935" ind1=" " ind2=" ">
   <subfield code="i">sf</subfield>
  </datafield>
  <datafield tag="936" ind1="r" ind2="v">
   <subfield code="a">GE 3151</subfield>
   <subfield code="b">Beziehungen zu anderen Gebieten</subfield>
   <subfield code="k">Germanistik. Niederlandistik. Skandinavistik</subfield>
   <subfield code="k">Deutsche Literatur</subfield>
   <subfield code="k">Literaturwissenschaft und Literaturkritik</subfield>
   <subfield code="k">Beziehungen zu anderen Gebieten</subfield>
   <subfield code="0">(DE-627)1270858920</subfield>
   <subfield code="0">(DE-625)rvk/39031:</subfield>
   <subfield code="0">(DE-576)200858920</subfield>
  </datafield>
  <datafield tag="936" ind1="r" ind2="v">
   <subfield code="a">GM 1081</subfield>
   <subfield code="b">k</subfield>
   <subfield code="k">Germanistik. Niederlandistik. Skandinavistik</subfield>
   <subfield code="k">Deutsche Literatur</subfield>
   <subfield code="k">Das 20. Jahrhundert und Moderne I</subfield>
   <subfield code="k">Das 20. Jahrhundert und Moderne I. 1885 - 1945</subfield>
   <subfield code="k">Literaturwissenschaft</subfield>
   <subfield code="k">Beziehungen zu anderen Sachgebieten (A-Z)</subfield>
   <subfield code="k">k</subfield>
   <subfield code="0">(DE-627)1271623080</subfield>
   <subfield code="0">(DE-625)rvk/41760:13554</subfield>
   <subfield code="0">(DE-576)201623080</subfield>
  </datafield>
  <datafield tag="936" ind1="r" ind2="v">
   <subfield code="a">GN 1701</subfield>
   <subfield code="b">Stoff- und Motivgeschichte</subfield>
   <subfield code="k">Germanistik. Niederlandistik. Skandinavistik</subfield>
   <subfield code="k">Deutsche Literatur</subfield>
   <subfield code="k">Moderne II: 1946 - 1990</subfield>
   <subfield code="k">Literaturgeschichte</subfield>
   <subfield code="k">Stoff- und Motivgeschichte</subfield>
   <subfield code="0">(DE-627)1270906305</subfield>
   <subfield code="0">(DE-625)rvk/42437:</subfield>
   <subfield code="0">(DE-576)200906305</subfield>
  </datafield>
  <datafield tag="951" ind1=" " ind2=" ">
   <subfield code="a">MC</subfield>
  </datafield>
  <datafield tag="990" ind1=" " ind2=" ">
   <subfield code="a">Deutsch</subfield>
  </datafield>
  <datafield tag="990" ind1=" " ind2=" ">
   <subfield code="a">Literatur</subfield>
  </datafield>
  <datafield tag="990" ind1=" " ind2=" ">
   <subfield code="a">Kunstwerk</subfield>
  </datafield>
  <datafield tag="990" ind1=" " ind2=" ">
   <subfield code="a">Geschichte 1890-2011</subfield>
  </datafield>
  <datafield tag="990" ind1=" " ind2=" ">
   <subfield code="a">Deutsch</subfield>
  </datafield>
  <datafield tag="990" ind1=" " ind2=" ">
   <subfield code="a">Literatur</subfield>
  </datafield>
  <datafield tag="990" ind1=" " ind2=" ">
   <subfield code="a">Kunstwerk</subfield>
  </datafield>
  <datafield tag="990" ind1=" " ind2=" ">
   <subfield code="a">Zitat</subfield>
  </datafield>
  <datafield tag="991" ind1=" " ind2=" ">
   <subfield code="a">Rezensiertes Werk</subfield>
  </datafield>
  <datafield tag="999" ind1=" " ind2=" ">
   <subfield code="a">KXP-PPN1416170510</subfield>
   <subfield code="e">4399251964</subfield>
  </datafield>
 </record>
</collection>
